Handbook of Anatomy and Physiology for Nurses (Record no. 158316)

MARC details
000 -LEADER
fixed length control field 00406nam a2200145Ia 4500
008 - FIXED-LENGTH DATA ELEMENTS--GENERAL INFORMATION
fixed length control field 230411s9999 xx 000 0 und d
020 ## - INTERNATIONAL STANDARD BOOK NUMBER
International Standard Book Number 978-93-5152-590-5
041 ## - LANGUAGE CODE
Language code of text/sound track or separate title eng
082 ## - DEWEY DECIMAL CLASSIFICATION NUMBER
Classification number A/611/SIN/B08926
100 ## - MAIN ENTRY--PERSONAL NAME
Personal name Singh Inderbir
245 ## - TITLE STATEMENT
Title Handbook of Anatomy and Physiology for Nurses
260 ## - PUBLICATION, DISTRIBUTION, ETC. (IMPRINT)
Name of publisher, distributor, etc. Jaypee Brothers
Place of publication, distribution, etc. New Delhi
Date of publication, distribution, etc. 2015
300 ## - PHYSICAL DESCRIPTION
Extent 604p
Holdings
Withdrawn status Lost status Damaged status Not for loan Collection code Home library Current library Date acquired Vendor Cost, normal purchase price Bill number Total Checkouts Full call number Barcode Date last seen Date last checked out Cost, replacement price Bill Date Koha item type Original Barcode
          Smt. Bakul Tambat Institute of Nursing Education Smt. Bakul Tambat Institute of Nursing Education 04/12/2018 Jaypee Brothers Medical Publishers 795.00 MU/INV-I/18-00100 16 A 611 SIN B08926 BTIN-BK-8926 17/06/2025 06/06/2025 540.60 04/12/2018 Books B08926